Исследование напряжённо-деформированного состояния резца при врезании в стальную заготовку; Перспективные материалы конструкционного и медицинского назначения

ग्रंथसूची विवरण
Parent link:Перспективные материалы конструкционного и медицинского назначения.— 2018.— [С. 102-103]
मुख्य लेखक: Чжан Ц.
निगमित लेखक: Национальный исследовательский Томский политехнический университет Инженерная школа новых производственных технологий Отделение материаловедения
अन्य लेखक: Ли Я. (научный руководитель), Козлов В. Н. Виктор Николаевич
सारांश:Заглавие с экрана
भाषा:रूसी
प्रकाशित: 2018
श्रृंखला:Проблемы надежности материалов
विषय:
ऑनलाइन पहुंच:http://earchive.tpu.ru/handle/11683/51876
स्वरूप: इलेक्ट्रोनिक पुस्तक अध्याय
KOHA link:https://koha.lib.tpu.ru/cgi-bin/koha/opac-detail.pl?biblionumber=628544

MARC

LEADER 00000naa2a2200000 4500
001 628544
005 20240223120221.0
035 |a (RuTPU)RU\TPU\conf\28793 
035 |a RU\TPU\conf\28784 
090 |a 628544 
100 |a 20181129d2018 k y0rusy50 ca 
101 0 |a rus 
102 |a RU 
105 |a y z 101zy 
135 |a drcn ---uucaa 
181 0 |a i  
182 0 |a b 
200 1 |a Исследование напряжённо-деформированного состояния резца при врезании в стальную заготовку  |f Ц. Чжан, Я. Ли, В. Н. Козлов  |g науч. рук. В. Н. Козлов 
203 |a Текст  |c электронный 
225 1 |a Проблемы надежности материалов 
300 |a Заглавие с экрана 
320 |a [Библиогр.: с. 103 (2 назв.)] 
463 1 |0 (RuTPU)RU\TPU\conf\28688  |t Перспективные материалы конструкционного и медицинского назначения  |o сборник трудов Международной научно-технической молодежной конференции, г. Томск, 26–30 ноября 2018 г.  |f Национальный исследовательский Томский политехнический университет, Инженерная школа новых производственных технологий ; Российский фонд фундаментальных исследований ; под ред. С. Н. Кулькова [и др.]  |v [С. 102-103]  |d 2018 
610 1 |a труды учёных ТПУ 
610 1 |a электронный ресурс 
610 1 |a напряженно-деформируемое состояние 
610 1 |a резцы 
610 1 |a врезание 
610 1 |a стальные заготовки 
610 1 |a внутренние напряжения 
700 1 |a Чжан  |b Ц. 
701 1 |a Ли  |b Я. 
701 1 |a Козлов  |b В. Н.  |c специалист в области машиностроения  |c доцент Томского политехнического университета, кандидат технических наук  |f 1958-  |g Виктор Николаевич  |3 (RuTPU)RU\TPU\pers\29308  |9 13895 
702 1 |a Козлов  |b В. Н.  |c специалист в области машиностроения  |c доцент Томского политехнического университета, кандидат технических наук  |f 1958-  |g Виктор Николаевич  |4 727 
712 0 2 |a Национальный исследовательский Томский политехнический университет  |b Инженерная школа новых производственных технологий  |b Отделение материаловедения  |3 (RuTPU)RU\TPU\col\23508 
801 2 |a RU  |b 63413507  |c 20181205  |g RCR 
856 4 |u http://earchive.tpu.ru/handle/11683/51876 
942 |c BK